Vocabulario en lengua de Mechuacan (Record no. 1759)

MARC details
000 -CABECERA
campo de control de longitud fija 00864nam a2200229 a 4500
001 - NÚMERO DE CONTROL
campo de control BRCA_1992
005 - FECHA Y HORA DE LA ÚLTIMA TRANSACCIÓN
campo de control 20190320203629.0
008 - DATOS DE LONGITUD FIJA--INFORMACIÓN GENERAL
campo de control de longitud fija 290508s1990----mx-a---###---#000-0#spa-#
050 #4 - SIGNATURA TOPOGRÁFICA DE LA BIBLIOTECA DEL CONGRESO
Número de clasificación PM4297
Número de documento/Ítem .G55 1990
100 1# - ENTRADA PRINCIPAL--NOMBRE DE PERSONA
Nombre de persona Gilberti, Maturino
Fechas asociadas al nombre 1498-1585
9 (RLIN) 6105
245 10 - MENCIÓN DE TÍTULO
Título Vocabulario en lengua de Mechuacan
Mención de responsabilidad, etc. Fray Maturino Gilberti.
260 ## - PUBLICACIÓN, DISTRIBUCIÓN, ETC.
Lugar de publicación, distribución, etc. Ciudad de México
Nombre del editor, distribuidor, etc. CONDUMEX
Fecha de publicación, distribución, etc. 1990
300 ## - DESCRIPCIÓN FÍSICA
Extensión 1 v. (en varias paginaciones)
Otras características físicas il.
Dimensiones 23 cm.
500 ## - NOTA GENERAL
Nota general Facsímil de : Juan Pablos, 1559
500 ## - NOTA GENERAL
Nota general Edición conmemorativa del vigésimo quinto aniversario del Centro de Estudios de Historia de México CONDUMEX
650 14 - PUNTO DE ACCESO ADICIONAL DE MATERIA--TÉRMINO DE MATERIA
Término de materia o nombre geográfico como elemento de entrada Tarasco
Subdivisión general Gramática
9 (RLIN) 6106
650 14 - PUNTO DE ACCESO ADICIONAL DE MATERIA--TÉRMINO DE MATERIA
Término de materia o nombre geográfico como elemento de entrada Tarasco
Subdivisión general Diccionarios
9 (RLIN) 6107
650 14 - PUNTO DE ACCESO ADICIONAL DE MATERIA--TÉRMINO DE MATERIA
Término de materia o nombre geográfico como elemento de entrada Lenguas indígenas
Subdivisión geográfica Michoacán - Querétaro - Guanajuato
9 (RLIN) 6108
650 14 - PUNTO DE ACCESO ADICIONAL DE MATERIA--TÉRMINO DE MATERIA
Término de materia o nombre geográfico como elemento de entrada Impresos mexicanos
Subdivisión cronológica Siglo XVI
9 (RLIN) 6109
902 ## - CATALOGADOR
Iniciales REF
942 ## - ELEMENTOS DE PUNTO DE ACCESO ADICIONAL (KOHA)
Fuente del sistema de clasificación o colocación Library of Congress Classification
Tipo de ítem Koha Libros
Holdings
Estado de retiro Estado de pérdida Estado dañado No para préstamo Localización permanente Ubicación/localización actual Fecha de adquisición Total de préstamos Signatura topográfica completa Código de barras Fecha visto por última vez Precio válido a partir de Tipo de ítem Koha
El ejemplar forma parte de la colección y puede ser consultado según las políticas vigentes.       Biblioteca del Museo Franz Mayer (Rogerio Casas-Alatriste) Biblioteca del Museo Franz Mayer (Rogerio Casas-Alatriste) 30/07/2008   PM4297 .G55 1990 REF00156 22/03/2019 22/03/2019 Libros